000 nam a22 a 4500
999 _c390465
_d390465
003 BLK
005 20201022111924.0
008 201022b bu |||||r|||| 00| | bu d
040 _aBLK
041 _aRUS
_cRUS
080 _aИстория на Италия
_b945
_z 945
100 _91299
_aКорелин, Михаил Сергеевич
_eпърви автор
139 _aКорелин, Михаил Сергеевич
245 _aРанний итальянский гуманизм и его историография
_b : Крит. исслед. Михаила Корелина. Вып. 1-2.
_cМихаил Сергеевич Корелин
_nВып. 1.
257 _aRUS
260 _9435498
_aМосква
_bтип. Э. Лисснера и Ю. Романа
_c1892
300 _c26 с.
380 _a9
490 _9435080
_aКолекция Редки и ценни издания
650 0 _9255906
_aИталия - история
760 _b1892
_hVIII, 576 с.
_oВып. 1.
852 _aРр 892
_bРц
942 _cKNG
_n0
_s1
944 _c2020-10-22
_kВК